The vampire diaries / (Record no. 234825)

000 -LEADER
fixed length control field 01379cam a2200337 a 4500
001 - CONTROL NUMBER
control field 14796583
003 - CONTROL NUMBER IDENTIFIER
control field Nust
005 - DATE AND TIME OF LATEST TRANSACTION
control field 20170330201226.0
008 - FIXED-LENGTH DATA ELEMENTS--GENERAL INFORMATION
fixed length control field 070404r20071991nyu d 000 1 eng
010 ## - LIBRARY OF CONGRESS CONTROL NUMBER
LC control number 2007926265
020 ## - INTERNATIONAL STANDARD BOOK NUMBER
International Standard Book Number 9780061990779
040 ## - CATALOGING SOURCE
Original cataloging agency DLC
Transcribing agency DLC
042 ## - AUTHENTICATION CODE
Authentication code lcac
050 00 - LIBRARY OF CONGRESS CALL NUMBER
Classification number PZ7.S6537
Item number Vam 2007
082 00 - DEWEY DECIMAL CLASSIFICATION NUMBER
Classification number 823
Author Mark SMI
100 1# - MAIN ENTRY--PERSONAL NAME
Personal name Smith, L. J.
Fuller form of name (Lisa J.)
240 10 - UNIFORM TITLE
Uniform title Fury
245 14 - TITLE STATEMENT
Title The vampire diaries /
Statement of responsibility, etc. L.J. Smith.
250 ## - EDITION STATEMENT
Edition statement 1st HarperTeen paperback ed.
260 ## - PUBLICATION, DISTRIBUTION, ETC.
Place of publication, distribution, etc. New York :
Name of publisher, distributor, etc. HarperTeen,
Date of publication, distribution, etc. 2007.
300 ## - PHYSICAL DESCRIPTION
Extent 291 p.
Dimensions 21 cm.
500 ## - GENERAL NOTE
General note Contains two volumes originally published separately.
505 0# - FORMATTED CONTENTS NOTE
Formatted contents note The fury -- Dark reunion.
520 ## - SUMMARY, ETC.
Summary, etc. Presents the last two volumes in the Vampire Diaries series in which the struggle of vampire brothers Stefan and Damon over the now-changed Elena comes to its final conclusion.
650 #1 - SUBJECT ADDED ENTRY--TOPICAL TERM
Topical term or geographic name entry element Vampires
Form subdivision Fiction.
650 #1 - SUBJECT ADDED ENTRY--TOPICAL TERM
Topical term or geographic name entry element Brothers
Form subdivision Fiction.
650 #1 - SUBJECT ADDED ENTRY--TOPICAL TERM
Topical term or geographic name entry element Supernatural
Form subdivision Fiction.
700 12 - ADDED ENTRY--PERSONAL NAME
Personal name Smith, L. J.
Fuller form of name (Lisa J.).
Title of a work Dark reunion.
906 ## - LOCAL DATA ELEMENT F, LDF (RLIN)
a 7
b cbc
c orignew
d 2
e epcn
f 20
g y-gencatlg
942 ## - ADDED ENTRY ELEMENTS (KOHA)
Source of classification or shelving scheme
Koha item type Book
Holdings
Withdrawn status Lost status Source of classification or shelving scheme Damaged status Not for loan Permanent Location Current Location Shelving location Date acquired Total Checkouts Total Renewals Full call number Barcode Date last seen Date last checked out Copy number Price effective from Koha item type
          Central Library (CL) Central Library (CL) Fiction 03/30/2017 3 1 823 SMI CL1544/1 02/10/2022 12/07/2021 1 03/30/2017 Book
© 2023 Central Library, National University of Sciences and Technology. All Rights Reserved.